000 00751nam a2200229 i 4500
001 37218
003 ES-MaACL
005 20251013220026.0
007 t|
008 030220s1907 xxk ||||1| eng d
080 _a821.111-97"16"
100 1 _aBunyan, John (
_d1628-1688)
_932557
245 1 0 _aGrace abounding and the pilgrim's progress /
_cJohn Bunyan ; the texte edited by John Brown.
260 _aCambridge :
_bThe University Press,
_c1907 (
_fJohn Clay)
300 _aVIII, 432 p. ;
_c20 cm.
490 1 _aCambridge English classics
650 4 _aPuritanos-
_zGran BretaƱa.
_9162354
700 1 _aBrown, John,
_d1830-1922
_9162352
830 1 _aCambridge English classics
_9181697
852 _aES-MaACL
_jC-753
999 _c37218
_d37218